000
00300nam a22001337a 4500
003
SGT
082
_a
615.15
_b
DAL
100
_a
DALAI, MANOJ KUMAR
245
_a
MEDICINAL CHEMISTRY-III
260
_a
INDIA
_b
PHARMAMED PUB.
_c
2024
300
_a
235
650
_a
MEDICINAL CHEMISTRY
942
_2
ddc
_c
BK
999
_c
32429
_d
32429